Naturaleza del apostolado seglar y de su dependencia de la jerarquía: el apostolado del seglar a la luz del bien comun eclesial

Saved in:
Bibliografiske detaljer
Hovedforfatter: González Garnica, Miguel (Author)
Format: Bog
Sprog:spansk
Udgivet: Salamanca Instituto San Raimundo de Peñafort 1965
Fag:
Tags: Tilføj Tag
Ingen Tags, Vær først til at tagge denne postø!

MARC

LEADER 00000nam a2200000 a 4500
001 UCV0499
003 CL-VaPUC
008 881010e19650000SP |||||||||||||||||spa|d
082 0 4 |a 267.1  |b GON  |2 21 
100 0 |a González Garnica, Miguel  |e author  |9 294994 
245 1 0 |a Naturaleza del apostolado seglar y de su dependencia de la jerarquía: el apostolado del seglar a la luz del bien comun eclesial 
300 |a 169 p 
942 |c BK 
945 |d 19881010 00:00:00 
260 |a Salamanca  |b Instituto San Raimundo de Peñafort  |c 1965 
650 7 |a SEGLARES  |2 CL-VaPUC  |9 255159 
583 |a last modification  |c 20120322 03:37:31  |k Rodrigo Vera 
999 |c 208936  |d 208934 
952 |0 0  |1 0  |4 0  |6 267_100000000000000_GON_1965  |7 0  |8 A  |9 183952  |a BIBDER  |b BIBDER  |d 2019-11-14  |i 2508710  |o 267.1 GON 1965  |p 2508710  |r 2023-01-25  |w 2019-11-14  |y BK  |k DER